Tìm lại chính mình trong hôn nhân
में बचाया:
| मुख्य लेखक: | |
|---|---|
| स्वरूप: | पुस्तक |
| भाषा: | Vietnamese |
| प्रकाशित: |
Hà Nội
Phụ nữ
2007
|
| विषय: | |
| टैग : |
टैग जोड़ें
कोई टैग नहीं, इस रिकॉर्ड को टैग करने वाले पहले व्यक्ति बनें!
|
| Thư viện lưu trữ: | Trung tâm Học liệu Lê Vũ Hùng, Trường Đại học Đồng Tháp |
|---|
| LEADER | 00771aam a22002538a 4500 | ||
|---|---|---|---|
| 001 | 00028582 | ||
| 005 | 20171026081025.0 | ||
| 008 | 120329s2007 ||||||viesd | ||
| 020 | |c 14000 | ||
| 041 | 0 | # | |a vie |
| 082 | 1 | 4 | |a 155.3 |b T310L |
| 100 | 1 | # | |a Nguyễn, Văn Ái |
| 245 | 1 | 0 | |c Nguyễn Văn Ái |a Tìm lại chính mình trong hôn nhân |
| 260 | # | # | |a Hà Nội |b Phụ nữ |c 2007 |
| 300 | # | # | |a 126tr. |c 20cm. |
| 650 | # | 4 | |a Tâm lý ứng xử |
| 653 | # | # | |a Công tác xã hội |
| 653 | # | # | |a Gia đình |
| 653 | # | # | |a Hạnh phúc |
| 653 | # | # | |a Tình yêu |
| 852 | # | # | |b Kho đọc |j KD.0012774 |
| 852 | # | # | |j KD.0012774 |
| 910 | |d 29/03/2012 | ||
| 980 | # | # | |a Trung tâm Học liệu Lê Vũ Hùng, Trường Đại học Đồng Tháp |